Trouvez les chansons de l'année 2012 - Statistiques

Statistiques générales
  • Ce quiz a été pris 494 fois
  • Le résultat moyen est 4 sur 10
Statistiques - réponses
Paroles Chansons % Correct
"Les paroles d'une chanson d'enfance, qui me rappelle d'où je viens, d'où je tiens ma chance. Lumière artificielle qui fait briller mes yeux, et je sors de l'ombre. Je sais ce que je veux." Le sens de la vie - Tal
88%
"J'ai demandé pardon sans qu'on puisse me l'accorder, j'ai demandé ma route sans qu'on puisse me l'indiquer, j'ai troqué mes études contre un disque en platine" Ma direction - Sexion d'assaut
62%
"T'as besoin d'une voiture pour aller travailler, tu travailles pour rembourser la voiture que tu viens d'acheter, tu vois l'genre de cercles vicieux ? Le genre de trucs qui donne envie d'tout faire sauf de mourir vieux" La terre est ronde - Orelsan
54%
"Parlez-moi de punk, de rock, de street, de pop ou de bohème, qu'importe l'Univers, l'addiction est la même, parlez-moi de créativité, d'originalité, d'idées" Et alors ! - Shy'm
52%
"J'en ai marre du stress, du taff, du métro-boulot-dodo, au soleil je veux une place pour me sentir mieux dans ma peu, le quotidien me brise et me lasse car ici il ne fait jamais beau" Ma vie au soleil - Keen V
30%
"Ils nous disaient hors jeu nous pensaient plus du tout du moment on fait partie de ceux qui n'savent qu'aller aller de l'avant" On est là - M Pokora
29%
"Tu me traques et surplombes de Paris à Hong-Kong, tu m'attaques et je tombe, l'honneur blessé" Coups et blessures - BB Brunes
22%
"Encore toutes ces enfances, nées du côté pas d'chance, les parents qui démissionnent, et le écrans qui fonctionnent" Encore un autre hiver - Les Enfoirés
10%
"Et je descends dans la rue parmi les gens perdus. Je vais, sur la jetée, parler au vent salé. Je vis dans ma bouteille, je bois jusqu'au soleil. Je vole jusqu'à la lie des mille et une nuits, ah !" Je descends du singe - Marc Lavoine
9%
"À quoi peuvent bien servir mes jambes, si comme les feuilles, elles tremblent, que vais-je bien faire de mes dix doigts" L'attente - Johnny Hallyday
2%
Aucun quiz correspondant
Distribution des résultats
% des personnes avec chaque résultat
Percentile par nombre de réponses
Votre historique - résultats
Vous n’avez pas pris ce quiz